| 000 | 00836nam a2200217 a 4500 | ||
|---|---|---|---|
| 001 | BRCA_8834 | ||
| 005 | 20190320210430.0 | ||
| 008 | 050517s1722----it-a######---#000-0#ita-# | ||
| 041 | _aita | ||
| 044 | _ait | ||
| 084 |
_aBE215 _b.G46 1722 |
||
| 100 | 1 |
_aGemelli Careri, Giovanni Francesco _d1648 - 1724 _922014 |
|
| 245 | 1 | 0 |
_aViaggi per Europa _cdel dottor D. Gio: Francesco Gemelli Careri; Divisati in varie lettere familiari, scritte al signor Consigl. Amato Danio; parte prima. |
| 260 |
_aNapoli _bNella Stampera di Felice Mosca _c1722 |
||
| 300 |
_a[4], [2], 480 p. (t.1) _bil _c17 x 11.5 cm. |
||
| 500 | _aCon licenza de superiori | ||
| 500 | _aEstado físico: presenta encuadernación en pergamino con presencia del pez de plata | ||
| 650 | 1 | 4 |
_aViaje _yObras anteriores a 1800 _zEuropa _922015 |
| 902 | _aCFM | ||
| 942 |
_2lcc _cB |
||
| 999 |
_c8485 _d8485 |
||